Partial differential equations of hyperbolic type and applications /

Bibliographic Details
Corporate Authors: School on Hyperbolic and Mixed Differential Equations and Their Applications Turin, Italy, Institute for Scientific Interchange
Other Authors: Geymonat, Giuseppe
Format: Conference Proceeding Book
Language:English
Published: Singapore : World Scientific, 1987.
Subjects:

MARC

Tag First Indicator Second Indicator Subfields
LEADER 00000cam a2200000 a 4500
001 in00000018297
005 20151007053214.0
008 870617s1987 si a b 10010 eng d
020 |z 9971502044 
035 |a (OCoLC)15993760 
035 |9 AAB0785AM 
040 |a IQU  |c IQU  |d m/c  |d TXA  |d UtOrBLW 
049 |a TXAM  |c [A11097871] 
050 4 |a QA377  |b .S36 1985 
111 2 |a School on Hyperbolic and Mixed Differential Equations and Their Applications  |d (1985 :  |c Turin, Italy) 
245 1 0 |a Partial differential equations of hyperbolic type and applications /  |c editor Giuseppe Geymonat. 
264 1 |a Singapore :  |b World Scientific,  |c 1987. 
300 |a ix, 178 pages :  |b illustrations ;  |c 23 cm. 
336 |a text  |b txt  |2 rdacontent 
337 |a unmediated  |b n  |2 rdamedia 
338 |a volume  |b nc  |2 rdacarrier 
500 |a "Contains most of the lectures that were to be presented at the School on Hyperbolic and Mixed Differential Equations and Their Applications ... [which] was to be held in Torino, Italy, from September 2 to September 14, 1985, and was organized by the Institute for Scientific Interchange ... [but] was forced to be cancelled"--introduction. 
504 |a Includes bibliographies. 
650 0 |a Differential equations, Hyperbolic  |v Congresses. 
700 1 |a Geymonat, Giuseppe. 
710 2 |a Institute for Scientific Interchange. 
999 |a MARS 
999 f f |s 92b1160a-5466-36cb-a658-2feed4489d8e  |i e21deadd-5d90-3c78-aa43-ef6ff0843b26  |t 0 
952 f f |p normal  |a Texas A&M University  |b College Station  |c Sterling C. Evans Library  |d Evans: Library Stacks  |t 0  |e QA377 .S36 1985  |h Library of Congress classification  |i unmediated -- volume  |m A14811097871 
998 f f |a QA377 .S36 1985  |t 0  |l Evans: Library Stacks